000 00563cam a2200217 i 4500
001 833572
005 20180104085232.0
008 780517s1978 nyua b 001 0 eng
010 _a 77086705
020 _a0442241275
040 _aDLC
_cDLC
_dDLC
041 _aeng
080 _a576.163 JAM
082 0 0 _a576.163 JAM
100 1 _a11
101 _aMIC
245 1 0 _aModern food microbiology /
_cJames M. Jay.
504 _aIncludes bibliographical references and index.
906 _a7
_bcbc
_corignew
_d2
_eopcn
_f19
_gy-gencatlg
942 _2ddc
_cBK
999 _c39767
_d39767